000 02099cas a2200505 a 4500
001 12066724
003 OSt
005 20170822175040.0
007 t|
008 000621c19979999nyuar 0 a0eng c
010 _asn 97049157
022 0 _a1532-6632
_21
035 _a(OCoLC)ocm36733334
037 _bPLI Press, 810 Seventh Avenue, New York, New York 10019
040 _aMChB
_cBSU
_dMoSU-L
_dMH-L
_dDLC
_dNSDP
_dDLC
_dMH
_dOCoLC
_bEnglish
042 _apcc
_ansdp
043 _an-us---
050 0 0 _aKF3157.A152
_bF43
082 1 0 _a346 PET
_213
100 _aGale R. Peterson
_918123
210 0 _aFed. Circuit yearb.
222 0 _aFederal Circuit yearbook
245 0 0 _aFederal Circuit yearbook :
_bpatent law developments in the Federal Circuit.
_cPeterson Gale R.
260 _aNew York :
_bPractising Law Institute,
_c2003
300 _alvii,513p.
_c23 cm.
310 _aAnnual
362 0 _a1997-
500 _aEditor: Alex Chartove.
515 _aEach issue covers cases published during the previous year.
610 1 0 _aUnited States.
_bCourt of Appeals (Federal Circuit)
_918124
650 0 _aPatent suits
_zUnited States.
_918125
650 0 _aPatent laws and legislation
_zUnited States.
_917416
700 1 _aChartove, Alex,
_d1954-
_918126
710 2 _aPractising Law Institute.
_918127
780 0 0 _tPatent law developments in the Federal Circuit
_w(DLC)sn 97049158
_w(OCoLC)30323010
906 _a7
_bcbc
_cserials
_d2
_encip
_f19
_gn-oclcserc
936 _a1999 LIC
942 _2ddc
_cBK
999 _c8530
_d8530